| 000 | 00743nam a2200265 a 4500 | ||
|---|---|---|---|
| 999 |
_c825 _d825 |
||
| 001 | 19125 | ||
| 003 | BD-DhUAP | ||
| 005 | 20200128155031.0 | ||
| 008 | 200128s2012 ohua 001 0 eng | ||
| 020 | _a813151739X | ||
| 020 | _a9788131517390 | ||
| 040 |
_aDLC _cDLC _dDLC _dBD-DhUAP |
||
| 042 | _apcc | ||
| 082 | 0 | 0 |
_a330 MAN _223 |
| 100 | 1 |
_aMankiw, N. Gregory. _92184 |
|
| 245 | 1 | 0 |
_aPrinciples of economics / _cN. Gregory Mankiw. |
| 250 | _a6th ed. | ||
| 260 |
_aNew Delhi: _bCengage Learning, _cc2012 [Reprinted 2014]. |
||
| 300 |
_axxxii, 856 pages : _billustrations ; _c27 cm. |
||
| 500 | _aIncludes index. | ||
| 650 | 0 |
_aEconomics. _92185 |
|
| 942 |
_2ddc _cBK |
||